00575nam a2200169Ia 4500003000900000008004100009040001600050080001500066100001900081245012500100260003500225300001400260490005400274650004100328650002100369650001500390IN-BaIIA211028s9999 xx 000 0 eng d cIIA Library a535.4bKER aKerker, Milton 4aThe scattering of light and other electromagnetic radiationcMilton Kerker  aNew YorkbAcademic Pressc1969 axv, 666p. aPhysical chemistry, a series of monographs; v. 16 aAstronomy and astrophysics thesaurus aLight scattering aScattering